Größte Stadt beginnend mit M in Diesem Land - Statistiken

Allgemein
  • Dieses Quiz wurde 377 mal gespielt
  • Das Durchschnittsergebnis liegt bei 14 aus 21
Antwortstatistiken
Land M-Stadt % Korrekt
Deutschland München
98%
Weißrussland Minsk
95%
Italien Mailand
93%
Frankreich Marseille
92%
Vereinigtes Königreich Manchester
88%
Russland Moskau
88%
Schweden Malmö
87%
Kanada Montreal
85%
Indien Mumbai
79%
Marokko Marrakesch
71%
Saudi-Arabien Mekka
71%
Nicaragua Managua
69%
Kenia Mombasa
64%
Kolumbien Medellin
60%
Brasilien Manaus
57%
Mosambik Maputo
56%
Vereinigte Staaten Memphis
37%
Venezuela Maracaibo
31%
Irak Mossul
28%
Bosnien und Herzegowina Mostar
28%
Iran Maschhad
15%
Keine übereinstimmenden Quizze gefunden
Verteilung der Resultate
Anzahl Personen mit jedem Resultat
Perzentil nach korrekt beantworteten Fragen
Ihre Resultats-Entwicklung
Sie haben dieses Quiz noch nicht gespielt